| 000 | 01431naa a2200373 c 4500 | ||
|---|---|---|---|
| 001 | 30891 | ||
| 003 | ES-MaCES | ||
| 005 | 20150925135754.0 | ||
| 008 | 960628n1995 sz ||| | spa d | ||
| 035 | _aCES19980048327v | ||
| 040 |
_aES-MaCES _bspa _cES-MaCES |
||
| 110 | 2 |
_aOrganización Internacional del Trabajo _bComisión de Expertos en Aplicación de Convenios y Recomendaciones _94723 |
|
| 245 | 1 | 0 |
_aLibertad sindical y negociación colectiva _c[estudio llevado a cabo por la Comisión de Expertos en Aplicación de Convenios y Recomendaciones de la Oficina Internacional del Trabajo] |
| 300 |
_a47 p. _c24 cm |
||
| 500 | _aTít. tomado de la cub. | ||
| 650 | 4 |
_apapel de la OIT _929112 |
|
| 650 | 4 |
_amecanismo de control _929918 |
|
| 650 | 4 |
_anegociación colectiva _928362 |
|
| 650 | 4 |
_aderecho de huelga _929350 |
|
| 650 | 4 |
_aorganización internacional _926700 |
|
| 650 | 4 |
_asindicalización _929454 |
|
| 650 | 4 |
_aestructura sindical _929471 |
|
| 650 | 4 |
_aderecho de reunión _929909 |
|
| 650 | 4 |
_aderechos civiles _930100 |
|
| 650 | 4 |
_aderechos sindicales _929470 |
|
| 650 | 4 |
_alibertad sindical _927177 |
|
| 650 | 4 |
_aConvenio de la OIT _929026 |
|
| 653 | 1 | 0 | _aRelaciones laborales-Empleo |
| 650 | 4 |
_928377 _asindicato |
|
| 773 | 0 |
_tEducación obrera _g99 (1995, 2) _w(ES-MaCES)25033 |
|
| 902 | _aMON Monográfico de revista | ||
| 942 |
_2CES _cAR _h2.0. |
||
| 999 |
_c30891 _d30891 |
||